[Event "IECC M1-2009.T11"]
[Site "IECC email"]
[Date "2009.01.21"]
[Round "?"]
[White "Karagol, Levent"]
[Black "Cuaycong, Virgilio"]
[Result "0-1"]
[WhiteElo "1015"]
[BlackElo "1209"]
[PlyCount "48"]
[EventDate "2009.??.??"]
[EventType "match (corr)"]
[EventRounds "2"]
[SourceTitle "Corr 2011"]
[Source "ChessBase"]
[SourceDate "2010.08.31"]
[SourceVersion "1"]
[SourceVersionDate "2010.08.31"]
[SourceQuality "1"]
[WhiteTeam "Turkey"]
[BlackTeam "Philippines"]
[WhiteTeamCountry "TUR"]
[BlackTeamCountry "PHI"]

1. e4 e5 2. Nf3 Nc6 3. d4 exd4 4. Nxd4 Nf6 5. Nxc6 bxc6 6. Nd2 d5 7. Bd3 Bd6 8. 0-0 0-0 9. h3 Re8 10. exd5 cxd5 11. c4 Ba6 12. b3 d4 13. Bb2 c5 14. Re1 Bb7 15. Nf3 Rxe1+ 16. Nxe1 Qe7 17. Bc1 Qe5 18. g3 Re8 19. Bd2 Qe6 20. h4 Qh3 21. Nf3 Bxg3 22. Bf1 Bxf2+ 23. Kxf2 Ne4+ 24. Ke2 Nc3+ 0-1